ბათუმის შოთა რუსთაველის სახელმწიფო უნივერსიტეტის ბიბლიოთეკა

მინერალოგია (ბიბ.ჩანაწერი № 43862)

000 -LEADER
fixed length control field 00963nam a2200241Ia 4500
001 - CONTROL NUMBER
control field 10611
003 - CONTROL NUMBER IDENTIFIER
control field GE_BSU
008 - FIXED-LENGTH DATA ELEMENTS--GENERAL INFORMATION
fixed length control field 181216s||||||||xx |||||||||||||| ||und||
020 ## - INTERNATIONAL STANDARD BOOK NUMBER
International Standard Book Number 9789941130298
040 ## - CATALOGING SOURCE
Transcribing agency GE_BSU
100 ## - MAIN ENTRY--PERSONAL NAME
Personal name თუთბერიძე,ბეჟან
245 ## - TITLE STATEMENT
Title მინერალოგია
245 ## - TITLE STATEMENT
Remainder of title სახელმძღვ.უმაღლ.სასწ.გეოლ.სპეც.სტუდ.
245 ## - TITLE STATEMENT
Statement of responsibility, etc. რედ:ვ.ქოიავა.
260 ## - PUBLICATION, DISTRIBUTION, ETC.
Place of publication, distribution, etc. თბილისი,ივანე ჯავახიშვილის სახ.თსუ.
260 ## - PUBLICATION, DISTRIBUTION, ETC.
Name of publisher, distributor, etc. თბილ.უნ–ტის გამ–ბა.
260 ## - PUBLICATION, DISTRIBUTION, ETC.
Date of publication, distribution, etc. 2010
300 ## - PHYSICAL DESCRIPTION
Extent 630გვ;20სმ.
300 ## - PHYSICAL DESCRIPTION
Other physical details ბიბლიოგრ.გვ:616. ტაბ.
653 ## - INDEX TERM--UNCONTROLLED
Uncontrolled term მინერალოგია:[სახელმძღვ.უმაღლ.სასწ.გეოლ.სპეც.სტუდ.]
942 ## - ADDED ENTRY ELEMENTS (KOHA)
Koha item type წიგნი
ეგზემპლარები
Withdrawn status Lost status Damaged status Not for loan Date acquired Barcode Date last seen Price effective from Koha item type
        2018-12-17 34886 2018-12-17 2018-12-17 წიგნი
        2018-12-17 34887 2018-12-17 2018-12-17 წიგნი
        2018-12-17 34888 2018-12-17 2018-12-17 წიგნი